La Teoría de los Conceptos nucleares y sus aplicaciones a las Ciencias Sociales, Educación Matemática e Ingeniería (Record no. 192552)
[ view plain ]
| 000 -CABECERA | |
|---|---|
| campo de control de longitud fija | 02343nab a2200325 a 4500 |
| 005 - FECHA Y HORA DE LA ÚLTIMA TRANSACCIÓN | |
| campo de control | 20250303091836.0 |
| 008 - ELEMENTOS DE LONGITUD FIJA--INFORMACIÓN GENERAL | |
| campo de control de longitud fija | 991125c2017 sp fr p o 000 0 spa d |
| 035 ## - NÚMERO DE CONTROL DEL SISTEMA | |
| Número de control de sistema | UPN01000220453 |
| 040 ## - FUENTE DE LA CATALOGACIÓN | |
| Centro catalogador/agencia de origen | UPN |
| Lengua de catalogación | spa |
| Centro/agencia transcriptor | UPN |
| Normas de descripción | aacr2 |
| 049 ## - COLECCIÓN | |
| Colección | ART-E |
| 100 1# - ASIENTO PRINCIPAL--NOMBRE PERSONAL | |
| Nombre de persona | Carvalho, José Luis |
| Enlace | - jltc@unex.es |
| 100 1# - ASIENTO PRINCIPAL--NOMBRE PERSONAL | |
| Nombre de persona | Luengo González, Ricardo Francisco |
| 100 1# - ASIENTO PRINCIPAL--NOMBRE PERSONAL | |
| Nombre de persona | Casas García, Luis M. |
| 100 1# - ASIENTO PRINCIPAL--NOMBRE PERSONAL | |
| Nombre de persona | Almeida, C. P. |
| 100 1# - ASIENTO PRINCIPAL--NOMBRE PERSONAL | |
| Nombre de persona | Alzás García,Teresa |
| 245 13 - MENCIÓN DE TÍTULO | |
| Título | La Teoría de los Conceptos nucleares y sus aplicaciones a las Ciencias Sociales, Educación Matemática e Ingeniería |
| Medio | [recurso electrónico en línea] |
| 506 0# - NOTA DE RESTRICCIONES AL ACCESO | |
| Limitaciones de acceso | Acceso abierto |
| 520 3# - NOTA DE RESUMEN, ETC. | |
| Sumario, etc. | El presente artículo tiene como principal objetivo dar a conocer la Teoría de los Conceptos Nucleares y la técnica de Redes Asociativas Pathfinder. El enfoque metodológico se enmarca en los métodos mixtos, con sistemas de apoyo digitales (webQDA y GOLUCA) susceptibles de realizar análisis tanto cualitativos como cuantitativos. El artículo empieza por presentar la Teoría de los Conceptos Nucleares y su técnica asociada para posteriormente mostrar ejemplos de su aplicación dentro de distintos campos de estudio, nombradamente en las Ciencias Sociales a través del estudio sobre las trayectorias educativas en relación al abandono y retorno al sistema educativo, en las Matemáticas a través del estudio de unidades didácticas y recursos educativos digitales aplicados al tema de las operaciones aritméticas, trigonometría y probabilidad, en las Ingeniería Telemática e Ingeniería Informática a través del análisis del proceso de enseñanza de los alumnos de la asignatura de Base de Datos del Grado de Ingeniería Informática en Tecnologías de la Información (GIITI) del Centro Universitario de Mérida – Universidad de Extremadura. |
| 650 #4 - ASIENTO SECUNDARIO DE MATERIA - TERMINO TEMATICO | |
| Término de materia o nombre geográfico como elemento de entrada | Ciencias sociales |
| 9 (RLIN) | 9133 |
| 650 #2 - ASIENTO SECUNDARIO DE MATERIA - TERMINO TEMATICO | |
| 9 (RLIN) | 20751 |
| Término de materia o nombre geográfico como elemento de entrada | Ingeniería |
| 653 0# - TERMINO DE INDIZACION - NO CONTROLADO | |
| Término no controlado | Estructura cognitiva |
| 653 0# - TERMINO DE INDIZACION - NO CONTROLADO | |
| Término no controlado | Teoría de los conceptos nucleares |
| 653 0# - TERMINO DE INDIZACION - NO CONTROLADO | |
| Término no controlado | Redes Asociativas Pathfinder |
| 653 0# - TERMINO DE INDIZACION - NO CONTROLADO | |
| Término no controlado | Educación matemática |
| 773 ## - ENLACE AL DOCUMENTO FUENTE/ENTRADA DE REGISTRO ANFITRIÓN | |
| Parte(s) relacionada(s) | Vol. 36, no. 1 (2017), p. 5-28 |
| Título | Campo abierto : revista de educación |
| Número Internacional Normalizado para Publicaciones Seriadas | 0213-9529 |
| 856 4# - LOCALIZACIÓN Y ACCESO ELECTRÓNICOS | |
| Identificador Uniforme del Recurso | <a href="https://revista-campoabierto.unex.es/index.php/campoabierto/article/view/2976">https://revista-campoabierto.unex.es/index.php/campoabierto/article/view/2976</a> |
| 902 ## - ELEMENTOS DE DATOS B LOCAL, LDB (RLIN) | |
| Creó | Gloria Jiménez/0624 |
| 905 ## - TIPO DE MATERIAL | |
| Tipo de material | Articulo |
| 942 ## - ELEMENTOS DE PUNTO DE ACCESO ADICIONAL (KOHA) | |
| Tipo de ítem Koha | Artículo Electrónico |
| Estado de retiro | Estado de pérdida | Estado dañado | No para préstamo | Código de colección | Localización permanente | Ubicación/localización actual | Ubicación en estantería | Fecha de adquisición | Total de préstamos | Fecha visto por última vez | Identificador Uniforme del Recurso | Precio válido a partir de | Tipo de ítem Koha |
|---|---|---|---|---|---|---|---|---|---|---|---|---|---|
| Acceso abierto | Bib. Gregorio Torres Quintero | Bib. Gregorio Torres Quintero | En línea | 05/06/2024 | 05/06/2024 | https://revista-campoabierto.unex.es/index.php/campoabierto/article/view/2976 | 05/06/2024 | Artículo Electrónico |
